| 000 | 00604nam a2200121Ia 4500 | ||
|---|---|---|---|
| 008 | 220620s9999||||xx |||||||||||||| ||und|| | ||
| 245 | 0 | _aChina's Business Reforms | |
| 546 | _aEnglish[eng] | ||
| 650 | _airon||rice||bowl||foreign||banks||corporate||governance||social||protection||chinas | ||
| 700 | _aSmyth, Russell||On Kit Tam,||Warner, Malcolm||Jiuhua Zhu, Cherrie | ||
| 856 | _uhttps://library.oapen.org/bitstream/20.500.12657/24290/1/1005841.pdf||https://library.oapen.org/bitstream/20.500.12657/24290/1/1005841.pdf||https://library.oapen.org/bitstream/20.500.12657/24290/1/1005841.pdf | ||
| 942 | _cEB | ||
| 999 |
_c30241 _d30241 |
||